Τα καημένα χωριά : μνήμες της καταστροφής των δυτικών χωριών της Ιεράπετρας το 1943 = The burned villages : memories of the destruction of the western villages of Ierapetra in 1943
Αποθηκεύτηκε σε:
| Κύριος συγγραφέας: | |
|---|---|
| Μορφή: | Βιβλίο |
| Γλώσσα: | Greek English |
| Δημοσίευση: |
Άγιος Νικόλαος Κρήτης :
Νομαρχιακή Αυτοδιοίκηση Λασιθίου,
2008.
|
| Έκδοση: | 1η έκδ. |
| Θέματα: | |
| Ετικέτες: |
Προσθήκη ετικέτας
Δεν υπάρχουν, Καταχωρήστε ετικέτα πρώτοι!
|
MARC
| LEADER | 00000cam a2200000 i 4500 | ||
|---|---|---|---|
| 001 | 1/5209 | ||
| 008 | 100303s2008####gr | | ||| |||| ||gre|| | ||
| 020 | |a 9789608702585 | ||
| 035 | |l 10107082 | ||
| 040 | |a GR-MyUa |b gre |e AACR2 | ||
| 041 | 0 | |a gre |a eng | |
| 082 | 7 | |a 938.987 |2 (22) | |
| 100 | 1 | |a Γεροντής, Στέφανος Α. | |
| 245 | 1 | 3 | |a Τα καημένα χωριά : |b μνήμες της καταστροφής των δυτικών χωριών της Ιεράπετρας το 1943 = The burned villages : memories of the destruction of the western villages of Ierapetra in 1943 / Στέφανος Α. Γεροντής. |
| 246 | 1 | |i Παράλληλος τίτλος: |a The burned villages : |b memories of the destruction of the western villages of Ierapetra in 1943 | |
| 250 | |a 1η έκδ. | ||
| 260 | |a Άγιος Νικόλαος Κρήτης : |b Νομαρχιακή Αυτοδιοίκηση Λασιθίου, |c 2008. | ||
| 300 | |a 303, 299 σ. : |b 1 χάρτ. ; |c 24 εκ. | ||
| 650 | 0 | |a World War, 1939-1945 |x Atrocities |z Greece |z Ierapetra |x Sources. | |
| 650 | 0 | |a World War, 1939-1945 |z Greece |z Ierapetra |x Sources. | |
| 651 | 0 | |a Ierapetra (Greece) |x History |x Sources. | |
| 852 | |a INST |b LESVOS |e 20100303 |h 938.987 ΓΕΡ |p 005100046134 |q 005100046134 |t BK |y 0 | ||
| 901 | |a BIBL1-2010-1 | ||
| 970 | |a ΓΙΑΛΑΜΑ |b ΜΑΡΙΑ |z 2010/03/03 | ||